|
|
|
|
| LEADER |
02384nam a2200637 i 4500 |
| 001 |
nkc20213323844 |
| 003 |
CZ PrNK |
| 005 |
20210716091830.0 |
| 007 |
ta |
| 008 |
210512s2021 xr a e f 001 0 cze |
| 015 |
|
|
|a cnb003323844
|
| 020 |
|
|
|a 978-80-88290-94-0
|q (brožováno)
|
| 035 |
|
|
|a (OCoLC)1263267070
|
| 040 |
|
|
|a BOA001
|b cze
|e rda
|
| 041 |
1 |
|
|a cze
|h eng
|
| 072 |
|
7 |
|a 613
|x Hygiena. Lidské zdraví
|2 Konspekt
|9 14
|
| 080 |
|
|
|a 316.346.32-053.2
|2 MRF
|
| 080 |
|
|
|a 616.3-008
|2 MRF
|
| 080 |
|
|
|a 641.56-053.2/.5
|2 MRF
|
| 080 |
|
|
|a 613.22
|2 MRF
|
| 080 |
|
|
|a 613.2
|2 MRF
|
| 080 |
|
|
|a 640.1
|2 MRF
|
| 080 |
|
|
|a (035)
|2 MRF
|
| 100 |
1 |
|
|a Williams, Keith E.,
|d 1963-
|7 pna20211115107
|4 aut
|
| 245 |
1 |
0 |
|a Děti vybíravé v jídle :
|b základní postupy pro rodiče dětí nejen s PAS /
|c Keith E. Williams, Laura J. Seiverling ; překlad: Vítězslav Čížek
|
| 246 |
3 |
0 |
|a Základní postupy pro rodiče dětí nejen s PAS
|
| 250 |
|
|
|a Vydání první
|
| 264 |
|
1 |
|a V Praze :
|b Pasparta,
|c 2021
|
| 300 |
|
|
|a 147 stran :
|b ilustrace ;
|c 21 cm
|
| 336 |
|
|
|a text
|b txt
|2 rdacontent
|
| 337 |
|
|
|a bez média
|b n
|2 rdamedia
|
| 338 |
|
|
|a svazek
|b nc
|2 rdacarrier
|
| 500 |
|
|
|a Přeloženo z angličtiny
|
| 504 |
|
|
|a Obsahuje bibliografii, bibliografické odkazy a rejstřík
|
| 650 |
0 |
7 |
|a děti
|7 ph114392
|2 czenas
|
| 650 |
0 |
7 |
|a poruchy příjmu potravy
|7 ph389987
|2 czenas
|
| 650 |
0 |
7 |
|a dětská jídla
|7 ph114393
|2 czenas
|
| 650 |
0 |
7 |
|a výživa dětí
|7 ph135109
|2 czenas
|
| 650 |
0 |
7 |
|a racionální výživa
|7 ph124968
|2 czenas
|
| 650 |
0 |
7 |
|a domácí stravování
|7 ph119557
|2 czenas
|
| 650 |
0 |
9 |
|a children
|2 eczenas
|
| 650 |
0 |
9 |
|a eating disorders
|2 eczenas
|
| 650 |
0 |
9 |
|a cookery for children
|2 eczenas
|
| 650 |
0 |
9 |
|a children's nutrition
|2 eczenas
|
| 650 |
0 |
9 |
|a rational nutrition
|2 eczenas
|
| 650 |
0 |
9 |
|a domestic food
|2 eczenas
|
| 655 |
|
7 |
|a příručky
|7 fd133209
|2 czenas
|
| 655 |
|
9 |
|a handbooks and manuals
|2 eczenas
|
| 700 |
1 |
|
|a Seiverling, Laura J.
|7 pna20211115112
|4 aut
|
| 700 |
1 |
|
|a Čížek, Vítězslav,
|d 1952-
|7 jn19981002699
|4 trl
|
| 910 |
2 |
|
|a BOA001
|b 2-1468.643
|
| 990 |
|
|
|a BK
|
| 995 |
|
|
|a 01
|
| 991 |
|
|
|b 202106
|c NOV
|
| 996 |
6 |
|
|b 2610868765
|c 2-1468.643
|l MZK
|r Sklad / do 1 hodiny
|n 4
|p p.v.
|w 001854345
|u 000010
|a 1
|e BOA001
|j MZK50
|s P
|
| 996 |
7 |
|
|b 2610871555
|c 2-1468.643
|l Vol.výběr
|r VV 0p
|n 8
|p kup
|h 613.2 WIL
|w 001854345
|u 000020
|a 0
|e BOA001
|j MZK50
|s A
|